|
|
|
|
| LEADER |
00000nam2a2200000 4500 |
| 001 |
309746 |
| 005 |
20231102002223.0 |
| 035 |
|
|
|a (RuTPU)RU\TPU\book\335085
|
| 090 |
|
|
|a 309746
|
| 100 |
|
|
|a 20151117d1981 km y0rusy50 ca
|
| 101 |
0 |
|
|a rus
|
| 102 |
|
|
|a RU
|
| 105 |
|
|
|a a z 001zy
|
| 200 |
0 |
|
|a Вып. 39 : Механизированные крепи нового технического уровня
|f под ред. Г. И. Грицко
|
| 210 |
|
|
|d 1981
|
| 215 |
|
|
|a 106 с.
|c ил.
|
| 320 |
|
|
|a Библиогр. в конце ст.
|
| 461 |
|
1 |
|0 (RuTPU)RU\TPU\book\129555
|t Вопросы горного давления
|o сборник научных трудов
|f Академия наук СССР (АН СССР), Сибирское отделение (СО), Институт горного дела (ИГД)
|v Вып. 39 : Механизированные крепи нового технического уровня
|d 1959-1989
|
| 606 |
1 |
|
|a Горное давление
|x Исследование
|x Измерение
|x Определение
|2 stltpush
|3 (RuTPU)RU\TPU\subj\7554
|9 35165
|
| 610 |
1 |
|
|a механизированные крепи
|
| 610 |
1 |
|
|a крепь-породы
|
| 610 |
1 |
|
|a автоматизированное конструирование
|
| 610 |
1 |
|
|a торпедирование
|
| 610 |
1 |
|
|a прогнозные оценки
|
| 610 |
1 |
|
|a кровли
|
| 610 |
1 |
|
|a обрушение
|
| 610 |
1 |
|
|a крутопадающие пласты
|
| 610 |
1 |
|
|a крутопадающие пласты
|
| 610 |
1 |
|
|a боковые породы
|
| 675 |
|
|
|a 622.831.1
|v 4
|
| 702 |
|
1 |
|a Грицко
|b Г. И.
|4 340
|
| 801 |
|
1 |
|a RU
|b 63413507
|c 20151117
|
| 801 |
|
2 |
|a RU
|b 63413507
|c 20191115
|g RCR
|
| 942 |
|
|
|c BK
|